| 000 | 00833nam a2200265Ia 4500 | ||
|---|---|---|---|
| 003 | OSt | ||
| 005 | 20220927110803.0 | ||
| 006 | a|||||r|||| 00| 0 | ||
| 007 | ta | ||
| 008 | 220926b |||||||| |||| 00| 0 eng d | ||
| 024 | _a102886 | ||
| 037 | _cReports | ||
| 040 |
_aRTL _cRTL _beng |
||
| 041 |
_2eng _aeng |
||
| 082 | _a"Y65:423.5.N72t, L5/GD" | ||
| 110 |
_a"GREAT BRITAIN, HEALTH AND SOCIAL SECURITY(D/O)." _9380326 |
||
| 245 | 0 | _aReport | |
| 260 |
_aLondon _bHMSO UK _c1975 |
||
| 300 |
_axv; 330p. _ccm. |
||
| 490 | _a"Great Britiain, Health and Social Security (Deptt of-), Publication" | ||
| 650 |
_aCriminal Sociology _9380327 |
||
| 700 |
_a"GREAT BRITAIN, HEALTH AND SOCIAL SECURITY(D/O)." _9380328 |
||
| 942 |
_h"Y65:423.5.N72t, L5/GD" _cCC |
||
| 999 |
_c697949 _d697949 |
||